Bộ luật dân sự

Những quy định chung của bộ luật dân sự, quy định cụ thể về tài sản và quyền sở hữu, nghĩa vụ dân sự và hợp đồng dân sự, về chuyển quyền sử dụng đất, quyền sở hữu trí tuệ và chuyển giao công nghệ...

全面介绍

Đã lưu trong:
书目详细资料
Nhiều tác giả của công ty: Việt Nam Cộng hòa xã hội Chủ nghĩa, Quốc Hội
格式: 图书
语言:Undetermined
出版: Hà Nội Chính trị Quốc gia - Sự thật 2015
主题:
标签: 添加标签
没有标签, 成为第一个标记此记录!
Thư viện lưu trữ: Trung tâm Học liệu Trường Đại học Cần Thơ
LEADER 01064nam a2200229Ia 4500
001 CTU_196818
008 210402s9999 xx 000 0 und d
020 |c 45000 
082 |a 346.597 
082 |b V308 
110 |a Việt Nam Cộng hòa xã hội Chủ nghĩa 
110 |b Quốc Hội 
245 0 |a Bộ luật dân sự 
245 0 |c Việt Nam Cộng hòa xã hội Chủ nghĩa. Quốc Hội 
260 |a Hà Nội 
260 |b Chính trị Quốc gia - Sự thật 
260 |c 2015 
520 |a Những quy định chung của bộ luật dân sự, quy định cụ thể về tài sản và quyền sở hữu, nghĩa vụ dân sự và hợp đồng dân sự, về chuyển quyền sử dụng đất, quyền sở hữu trí tuệ và chuyển giao công nghệ 
650 |a Civil law,Bộ Luật dân sự 
650 |z Vietnam,Việt Nam 
904 |i Nguyên 
980 |a Trung tâm Học liệu Trường Đại học Cần Thơ